[Event "ZI-2011-0-00995"]
[Site "LSS email"]
[Date "2011.05.21"]
[Round "?"]
[White "Bruno, Daniel"]
[Black "Lizorkina, Veronika"]
[Result "0-1"]
[WhiteElo "1700"]
[BlackElo "1813"]
[PlyCount "44"]
[EventDate "2011.05.15"]
[EventType "match (corr)"]
[EventRounds "2"]
[EventCountry "GER"]
[SourceTitle "Telechess CBM 145"]
[Source "Chessbase"]
[SourceDate "2011.11.11"]
[SourceVersion "1"]
[SourceVersionDate "2011.11.11"]
[SourceQuality "1"]

1. d4 Nf6 2. c4 e6 3. Nf3 b6 4. g3 Ba6 5. b3 Bb4+ 6. Bd2 Bxd2+ 7. Nbxd2 0-0 8. Bg2 Bb7 9. 0-0 c5 10. e3 Qc7 11. Re1 Nc6 12. dxc5 bxc5 13. Qc2 h6 14. Qc3 a5 15. a3 Rfb8 16. Reb1 d6 17. Ne1 Ne5 18. Nef3 Ned7 19. Qc1 Ra6 20. Rb2 Rb6 21. Qd1 Ne4 22. Nb1 Qd8 0-1

[Event "OP-2011-0-01520"]
[Site "LSS email"]
[Date "2011.05.10"]
[Round "?"]
[White "Bruno, Daniel"]
[Black "Vontina, Maria"]
[Result "1-0"]
[WhiteElo "1700"]
[BlackElo "652"]
[PlyCount "57"]
[EventDate "2011.05.07"]
[EventType "tourn (corr)"]
[EventRounds "4"]
[EventCountry "GER"]
[SourceTitle "Telechess CBM 145"]
[Source "Chessbase"]
[SourceDate "2011.11.11"]
[SourceVersion "1"]
[SourceVersionDate "2011.11.11"]
[SourceQuality "1"]

1. d4 Nf6 2. c4 g6 3. Nc3 Bg7 4. e4 d6 5. f3 0-0 6. Be3 a6 7. Qd2 Nc6 8. Bd3 e5 9. d5 Ne7 10. Nge2 Nh5 11. g4 Nf6 12. 0-0-0 c5 13. h4 h5 14. gxh5 Nxh5 15. Bh6 Kh7 16. Bxg7 Kxg7 17. Rdg1 Kh7 18. Rg5 Ng8 19. Rhg1 Nh6 20. f4 exf4 21. Nxf4 Nxf4 22. Qxf4 Qe7 23. h5 Rg8 24. Qh4 Bd7 25. e5 Be8 26. hxg6+ fxg6 27. Rxg6 Bxg6 28. Bxg6+ Rxg6 29. Qxe7+ 1-0